Top 30 : Mister V - Statistiques

Statistiques générales
  • Ce quiz a été pris 34 fois
  • Le résultat moyen est 11 sur 30
Statistiques - réponses
Top Titres Featuring % Correct
1 Jamais PLK
100%
3 Gang Dosseh
64%
2 Pirelli Jul
61%
5 Space Jam Hayce Lemsi, Volts Face
61%
4 Top album
54%
7 Gas Gazo
43%
12 Apollo13 Juice
39%
6 Facetime
36%
20 Femme de ménage
36%
11 Match Kerchak
36%
8 Miami Heat
36%
9 Tudo Bem
36%
18 Diamant JOYCA
32%
23 Lidl
32%
28 Saint Laurent Rowjay
32%
29 Vert
32%
13 Vettel
32%
21 Clinton
29%
26 Titanic
29%
16 Venice
29%
10 Vice City
29%
19 Boogie
25%
25 Bootleg
25%
22 Deutsche Qualität Samy Ceezy
25%
24 Bulletproof
21%
27 Demain
21%
17 Petit déjeuner
21%
30 Thérapie
14%
15 AGAMAGOHENMAPOKE - I Got My Gun in My Pocket
11%
14 Près du feu Georgio
11%
Aucun quiz correspondant
Distribution des résultats
% des personnes avec chaque résultat
Percentile par nombre de réponses
Votre historique - résultats
Vous n’avez pas pris ce quiz